| Tag |
First Indicator |
Second Indicator |
Subfields |
| LEADER |
00000cam a2200000Ia 4500 |
| 001 |
in00000005811 |
| 007 |
he bmb024bbca |
| 008 |
990812s1999 dcua bb f000 0 eng d |
| 005 |
20230331144358.1 |
| 027 |
|
|
|a DOT/FAA/AM-99/8
|
| 035 |
|
|
|a (OCoLC)ocm43721646
|
| 035 |
|
|
|9 AJJ8140AM
|
| 035 |
|
|
|a in00000005811
|
| 040 |
|
|
|a EEX
|c EEX
|d GPO
|d MvI
|d UtOrBLW
|
| 049 |
|
|
|a UMIC
|
| 049 |
|
|
|a WWW
|
| 074 |
|
|
|a 0431-E-04 (MF)
|
| 074 |
|
|
|a 0431-E-04 (online)
|
| 086 |
0 |
|
|a TD 4.210:99/8
|
| 100 |
1 |
|
|a Milburn, Nelda J.
|
| 245 |
1 |
0 |
|a Optimizing blink parameters for highlighting an air traffic control situation display /
|c Nelda J. Milburn, Henry W. Mertens.
|
| 246 |
3 |
|
|a Optimizing blink parameters for highlighting air traffic control situation display
|
| 264 |
|
1 |
|a Washington, D.C. :
|b U.S. Dept. of Transportation, Federal Aviation Administration, Office of Aviation Medicine ;
|a Springfield, Va. :
|b Available through the National Technical Information Service,
|c [1999]
|
| 300 |
|
|
|a iii, 9, A7, B6 pages :
|b illustrations ;
|c 28 cm.
|
| 336 |
|
|
|a text
|b txt
|2 rdacontent
|
| 337 |
|
|
|a microform
|b h
|2 rdamedia
|
| 338 |
|
|
|a microfiche
|b he
|2 rdacarrier
|
| 500 |
|
|
|a Shipping List Date: 06/14/99
|
| 513 |
|
|
|a Final report.
|
| 500 |
|
|
|a Cover title.
|
| 500 |
|
|
|a Shipping list number: 1999-0580-M.
|
| 500 |
|
|
|a Performing organization: FAA Civil Aeromedical Institute.
|
| 500 |
|
|
|a "March 1999."
|
| 500 |
|
|
|a "DOT/FAA/AM-99/8."
|
| 504 |
|
|
|a Includes bibliographical references (pages 8-9).
|
| 533 |
|
|
|a Microfiche.
|b [Washington, D.C.] :
|c Supt. of Docs., U.S. G.P.O.,
|d 1999.
|e 1 microfiche : negative
|
| 530 |
|
|
|a Also available via Internet from the FAA web site. Address as of 8/20/07: http://www.faa.gov/library/reports/medical/oamtechreports/1990s/media/AM99-08.pdf; current access is available via PURL.
|
| 500 |
|
|
|a Microform.
|
| 650 |
|
0 |
|a Air traffic control
|x Equipment and supplies.
|
| 650 |
|
0 |
|a Fluorescent screens.
|
| 650 |
|
0 |
|a Air traffic controllers
|x Psychology.
|
| 700 |
1 |
|
|a Mertens, Henry W.
|
| 710 |
1 |
|
|a United States.
|b Office of Aviation Medicine.
|
| 710 |
2 |
|
|a Civil Aeromedical Institute.
|
| 856 |
4 |
1 |
|u https://purl.fdlp.gov/GPO/LPS85054
|t 0
|
| 999 |
|
|
|a MARS
|
| 999 |
f |
f |
|i b911457a-3edf-3c83-8495-535304de7005
|s d94e37c7-8497-38b8-aad5-332997d73267
|t 0
|
| 952 |
f |
f |
|p normal
|a Texas A&M University
|b College Station
|c Sterling C. Evans Library
|d Evans: US Documents Microfiche (3rd floor)
|t 0
|e TD 4.210:99/8
|h Superintendent of Documents classification
|i microform -- microfiche
|m A14824285132
|
| 952 |
f |
f |
|a Texas A&M University
|b College Station
|c Electronic Resources
|d Available Online
|t 0
|e TD 4.210:99/8
|h Superintendent of Documents classification
|
| 998 |
f |
f |
|a TD 4.210:99/8
|t 0
|l Evans: US Documents Microfiche (3rd floor)
|
| 998 |
f |
f |
|a TD 4.210:99/8
|t 0
|l Available Online
|